000 01634nam a2200505 i 4500
001 25128
003 KOSZ 005
005 20220909112201.0
008 060126s1992 pl f |000 0 pol
015 _aUWD 2006/2484
020 _a8390053837
035 _a991029023619705066
035 _a(PL-WaBN)b17846985-48omnis_nlop
035 _ab17846985
035 _a(OCoLC)749177266
035 _a(PL)b0000001784698
035 _a(EXLNZ-48OMNIS_NETWORK)9910050909505606
040 _aWA N
_cWA N
_dKOSZ 005/EG
080 _a336.14
080 _a352
080 _a(438)
080 _a"1989/..."
100 1 _aMisiąg, Wojciech
_d(1951- )
_eAutor
245 1 0 _aPolski system budżetowy :
_bbudżet państwa - budżety gmin /
_cWojciech Misiąg, Elżbieta Suchocka-Roguska, Stanisław Tymiński.
260 _aWarszawa :
_bTwigger,
_c1992.
300 _a219 s. ;
_c21 cm.
336 _aTekst
_btxt
_2rdacontent
337 _aBez urządzenia pośredniczącego
_bn
_2rdamedia
338 _aWolumin
_bnc
_2rdacarrier
380 _aKsiążki
388 _a1901-2000
388 _a1989-2000
490 1 _aTwigger
648 _a1989-2000
650 7 _aBudżety terenowe
_2DBN
651 7 _aPolska
658 _aGospodarka, ekonomia, finanse
650 7 _aBudżet państwa
_2DBN
700 1 _aSuchocka-Roguska, Elżbieta
_d(1948- )
_eAutor
700 1 _aTymiński, Stanisław
_eAutor
830 0 _aTwigger
856 _uhttp://koha.tu.koszalin.pl/cgi-bin/koha/opac-detail.pl?biblionumber=25128
_yKatalog online BPK
942 _2UKD
_cKS
999 _c25128
_d25128